Les homonymes dans la langue française - lettre G - Statistiques

Statistiques générales
  • Ce quiz a été pris 248 fois
  • Le résultat moyen est 11 sur 12
Statistiques - réponses
Mot Indice Homonyme % Correct
gai ruisseau gué
97%
guère conflit armé guerre
96%
gal maladie gale
95%
grau épais gros
95%
gaz compresse gaze
93%
golf grande baie golfe
93%
gallo cheval galop
92%
grâce adipeuse grasse
92%
gai parade ( pride) gay
89%
gitant rom gitan
88%
glissoir toboggan glissoire
84%
goal perche gaule
69%
Aucun quiz correspondant
Distribution des résultats
% des personnes avec chaque résultat
Percentile par nombre de réponses
Votre historique - résultats
Vous n’avez pas pris ce quiz